The leader's tool kit : (Record no. 10267)

MARC details
000 -LEADER
fixed length control field 00716 a2200205 4500
010 ## - LIBRARY OF CONGRESS CONTROL NUMBER
LC control number ENG-89207
020 ## - INTERNATIONAL STANDARD BOOK NUMBER
International Standard Book Number 9788120334403
Terms of availability 250.00
035 ## - SYSTEM CONTROL NUMBER
System control number EN-72740
037 ## - SOURCE OF ACQUISITION
Source of stock number/acquisition DBAD / PUB
082 14 - DEWEY DECIMAL CLASSIFICATION NUMBER
Classification number 658.4092
090 ## - LOCALLY ASSIGNED LC-TYPE CALL NUMBER (OCLC); LOCAL CALL NUMBER (OCLC)
-- 10547
-- 10547
100 ## - MAIN ENTRY--PERSONAL NAME
Personal name Charney, Cy
245 ## - TITLE STATEMENT
Title The leader's tool kit :
Statement of responsibility, etc by Cy Charney
Remainder of title hundreds of tips and techniques for developing the skills you need /
260 ## - PUBLICATION, DISTRIBUTION, ETC. (IMPRINT)
Place of publication, distribution, etc New Delhi
Name of publisher, distributor, etc Prentice Hall of India
Date of publication, distribution, etc 2008
270 ## - ADDRESS
Address M-97, Connaught Circus
City Delhi
Postal code 110033
300 ## - PHYSICAL DESCRIPTION
Extent xiii, 240p.
Dimensions 22 cm ( Pbk.)
500 ## - GENERAL NOTE
General note Includes index
942 ## - ADDED ENTRY ELEMENTS (KOHA)
Institution code [OBSOLETE] dpl
Koha item type English Books
Call number prefix 658.4092 / CHA
Holdings
Withdrawn status Lost status Source of classification or shelving scheme Damaged status Not for loan Collection code Home library Current library Source of acquisition Cost, normal purchase price Total Checkouts Full call number Barcode Date last seen Copy number Uniform Resource Identifier Cost, replacement price Price effective from Koha item type
    Dewey Decimal Classification   Not For Loan Non-fiction D.B.Act.Division D.B.Act.Division DBAD/PUB 250.00   658.4092 CHA EN-72740 15/09/2008 1 11298 250.00 15/09/2008 English Books

© Delhi Public Library
Hit Counter
free hit counter